Movies Quiz

Random Movies or Year Quiz
Score 0/40 Timer 08:00
3 Plays Today
% Correct
Harry Potter and the
Sorcerer's Stone
97.2%
Monsters, Inc.
96.9%
Shrek
96.7%
The Lord of the Rings:
The Fellowship of the Ring
93.1%
Lara Croft: Tomb Raider
86.2%
Zoolander
81.8%
Spy Kids
81.7%
Planet of the Apes
74.4%
Ocean's Eleven
73.5%
Amélie
73.1%
Rush Hour 2
71.9%
Bridget Jones's Diary
70.8%
Dr. Dolittle 2
69.3%
Jimmy Neutron: Boy Genius
68.7%
The Princess Diaries
67.8%
The Fast and the Furious
66.3%
Ali
64.1%
American Pie 2
62.8%
Shallow Hal
61.3%
Training Day
57.5%
% Correct
Pearl Harbor
56.7%
Vanilla Sky
55.9%
A Knight's Tale
51.9%
Spirited Away
50.1%
Donnie Darko
47.4%
A Beautiful Mind
44.9%
Black Hawk Down
43.5%
Moulin Rouge!
41.3%
Rat Race
40.1%
Cats & Dogs
39.1%
The Others
37.4%
The Wedding Planner
32.5%
Atlantis: The Lost Empire
29.9%
The Animal
28.7%
K-PAX
26.7%
A.I. Artificial Intelligence
24.7%
The Mexican
23.7%
America's Sweethearts
18.1%
Enemy at the Gates
17.8%
Spy Game
7.7%
Remove Ads.
Support Sporcle.
Get the best of Sporcle when you Go Orange. This ad-free experience offers more features, more stats, and more fun while also helping to support Sporcle. Thank you for becoming a member.

You're not logged in!

Compare scores with friends on all Sporcle quizzes.
OR
Log In

Sporcle TV

Today on Sporcle TV


Watch our educational content, quiz creation guides, and fun videos on Sporcle TV.

Show Comments

Extras

Top Quizzes Today


Score Distribution

Paid Content

Your Account Isn't Verified!

In order to create a playlist on Sporcle, you need to verify the email address you used during registration. Go to your Sporcle Settings to finish the process.

Report this User

Report this user for behavior that violates our Community Guidelines.

Details: